000 01049cam a2200253 4500
001 WB3917-01
008 030507n2003 000 0 eng u
035 _a(Sirsi) u122205
245 _aYields continue to fall
260 _c2003
490 _aProperty Week
_v68(17) 2 May 2003, 21(1)
520 _aYields continued to fall for all types of property bought at auction in the first three months of 2003. Jones Lang LaSalle and IPD figures published by Auctions Results Analysis Systems (ARAS) show for the first time that yields dipped below 6%. Tables. Jones Lang LaSalle http://www.joneslanglasalle.co.uk/services_capital01/pg_auctions.html
590 _aWB
650 _aARAS
650 _aAUCTION RESULTS
650 _aYIELDS
650 _aPROPERTY-COMMERCIAL PROPERTY-RETAIL PROPERTY-RETAIL PROPERTY MARKET
650 _aINDUSTRIAL MARKET
650 _aPROPERTY-COMMERCIAL PROPERTY-OFFICE PROPERTY-OFFICE PROPERTY MARKET
650 _aLEASE LENGTH
650 _aAUCTIONS INDEX
690 _aAuctioneering
_96218
942 _n0
999 _c72631
_d72631